Регионална библиотека "Любен Каравелов" - Русе

Моите удоволствия на киноман (Запис номер 106853)

MARC детайли
000 -Лидер
Контролно поле с фиксирана дължина 02064nam a2200457 c 4500
003 - Код на организацията, давaща контролен номер
Контролно поле BLK
005 - Дата и час на последна редакция
Контролно поле 20180422105739.0
008 - Елементи от данни с фиксирана дължина
fixed length control field 180409b bul|||||r ||||||| ||bul||
010 ## - Наследен системен номер
LC control number KNG00112121000
020 ## - Международен стандартен номер на книга ISBN
Международен стандартен номер на книга ISBN 954-529-267-9
-- издат.: Колибри
040 ## - Източник на каталожния запис
Идентификатор на билиотеката - собственик на записа BLK
041 ## - Код за език
Код за езика на текст/звукозапис или на отделно заглавие Български
Код за езика КДБФ Български
080 ## - УДК
Текстов определител УДК Американска литература (на САЩ)
УДК код - определител по УДК 821.111(73)
УДК определител -94
УДК - код + определител 821.111(73)-94
080 ## - УДК
Текстов определител УДК Кинорежисьори
УДК код - определител по УДК 791.44.071.1
УДК определител (73)(092)(047.53)
УДК - код + определител 791.44.071.1(73)(092)(047.53)
080 ## - УДК
Текстов определител УДК Киноизкуство. Кинофилми
УДК код - определител по УДК 791.43
УДК определител (73)
УДК - код + определител 791.43(73)
080 ## - УДК
Текстов определител УДК Американски кинорежисьор, сценарист, продуцент и актьор
УДК код - определител по УДК 929 Скорсезе, Мартин Чарлс
УДК определител
УДК - код + определител 929 Скорсезе, Мартин Чарлс
100 1# - Редна дума - Автор
Автор Скорсезе, Мартин
Авторска отговорност първи автор
R(LIN) 310725
139 ## - Редно поле
Редна дума Скорсезе, Мартин
Авторски знак Ско - С 40
245 10 - Сведения за заглавието
Заглавие Моите удоволствия на киноман
Редно поле (дума) Мартин Скорсезе; прев. от фр. Нина Венова.
257 ## - Страна на издаване
Страна на създаване/издаване Франция
260 ## - Област на издателските данни
-- София
Име на издателя, разпространителя и проч. Колибри
Година на издаване 2003
Печатница София : Симолини
300 ## - Физическа характеристика
Страници 208 с.
Размери/Мащаб 20 см
380 ## - Жанр
Жанр Худож. лит.
490 1# - СЕРИИ (Колекции)
Име на серия Библиотека Амаркорд
500 ## - Общи забележки
Забележка Ориг. загл. Mes plaisirs de cinephile / Martin Scorsese. - Филмография и награди с. 176-189 ; Показалец на по-важните имена и заглавия. - Офс. изд. - 300 тир.
600 14 - Име на лице, използвано като предмет
За него / За нея Скорсезе, Мартин Чарлс
9 (RLIN) 310726
650 #4 - Допълнително описание по предмет – тема
Основно описание – тема или топоним Режисьори
9 (RLIN) 169140
650 #4 - Допълнително описание по предмет – тема
Основно описание – тема или топоним Кино
9 (RLIN) 158500
650 #4 - Допълнително описание по предмет – тема
Основно описание – тема или топоним Актьори
9 (RLIN) 146656
651 #4 - Допълнително описание по предмет - топоним
Географско понятие САЩ
9 (RLIN) 179493
653 ## - Ключова дума – ненормативна
Ключова дума режисьори
653 ## - Ключова дума – ненормативна
Ключова дума кино
653 ## - Ключова дума – ненормативна
Ключова дума артисти
653 ## - Ключова дума – ненормативна
Ключова дума Мартин Скорсезе
700 1# - Други автори (авторска отговорност)
Лично име Венова, Нина
Автороска отговорност (Описва отношението между автора и произведението) прев. от фр.
9 (RLIN) 367694
852 ## - Местоположение
Форматна сигнатура Цб 218864
856 4# - Електронен адрес и достъп
Електронен формат pdf - файл
Път до файла /url/
856 4# - Електронен адрес и достъп
Електронен формат pdf - файл
Път до файла /url/
942 ## - АРТИКУЛИ
Вид на библиотечния материал Книги
Скрит в OPAC Не
944 ## - СЪЗДАВАНЕ И РЕДАКЦИЯ на ЗАПИСА
Създаване/Редакция Създаване
Дата на регистрацията/редакция 06.04.2004
Служител, извършил регистрацията/редакцията Цветанка_Енчева
944 ## - СЪЗДАВАНЕ И РЕДАКЦИЯ на ЗАПИСА
Създаване/Редакция Редакция
Дата на регистрацията/редакция 20.06.2005
Служител, извършил регистрацията/редакцията
999 ## - СИСТЕМНИ КОНТРОЛНИ НОМЕРА
Koha biblionumber 106853
Koha biblioitemnumber 106853
Наличности
Код за отписване Код за изгубен артикул Източник на класификационната схема Код за повреда Коз за рестрикции Код за отдаване Артикулен № Име на библиотеката - собственик Име на библиотеката, в която се намира в момента Статус (Текущо местоположение) Дата на вписване в системата Местоположение - отдел Цена в лева Инвентарен номер Систематично азбучна сигнатура Баркод Номер на екземпляра Цена в евро Служебна бележка Служебен тип на артикула
Изтеглен Не е изгубен Universal Decimal Classification Не е повреден без рестрикции заемане за дома 172531 Регионална библиотека "Любен Каравелов" Русе Регионална библиотека "Любен Каравелов" Русе Заемна - подръчен фонд 2004-04-07 Заемна - подръчен фонд 6.00 120000684323 П 820(73)-9/С 40 120000684323 1 3.07 Дост: DA Вид: А N: 10 Дата: 06.04.2004 Книги
  Не е изгубен   Не е повреден без рестрикции ползва се в читалня 172532 Регионална библиотека "Любен Каравелов" Русе Регионална библиотека "Любен Каравелов" Русе Хранилище 2005-04-26 Хранилище 6.00 120000693615 Цб 218864 120000693615 2 3.07 Дост: Dp Вид: Д N: 25 Дата: 09.06.2004 Книги
Vip Innovations Ltd, Rousse, Bulgaria 2025